000 00608nam a2200241Ia 4500
003 OSt
005 20221007074814.0
006 a|||||r|||| 00| 0
007 ta
008 221006b |||||||| |||| 00| 0 eng d
024 _a35,272
037 _cTextual
040 _aFLL
_cFLL
_beng
041 _2eng
_aeng
082 _aZ2,16, Q1
100 _aDas P.K.
_926279
245 0 _aHindu Succession
250 _a3rd
260 _aNew Delhi
_b` Universal Law Publishing Co. India
_c2011
300 _axxx,317p
_ccm.
942 _hZ2,16, Q1
_cTEXL
_2CC
999 _c1153739
_d1153739